000 01277nam a22003497a 4500
003 CHAP
005 20220329143146.0
008 060906d2006 mx r 00110 spa d
010 _a92664
011 _a93636
035 _a104216
040 _cCHAP
090 _aTesis
100 1 _aOrtega López, Yulema Denix.
_983820
245 1 0 _aCuantificación de la magnitud del error en el uso de procedimientos analíticos no estandarizados para fósforo extractable
_c/por Yulema Denix Ortega López
260 _aChapingo, Méx. :
_bEl autor,
_c2006.
300 _a59 h. :
_bgráfs.; cuadros.
502 _aTesis (Ing. en Irrigación) - - UACH. Departamento de Irrigación
590 _aALEPH
_b10
_c20130110
_lUCH01
_h1513
590 _aBATCH-UPD
_b10
_c20130110
_lUCH01
_h0555
590 _aBATCH-UPD
_b10
_c20130410
_lUCH01
_h0237
590 _aBATCH-UPD
_b10
_c20130914
_lUCH01
_h1853
590 _aCONVERSION
_b10
_c20130109
_lUCH01
_h1351
650 1 4 _aSuelos
_xAnálisis.
_9110204
650 1 4 _aSuelos
_xFósforo en.
_9110376
650 1 4 _aSuelos
_xQuímica de.
_9110470
901 _aBK
905 _aElisama A. H.
942 _cFOLL
949 _aTesis
_bBC
_cTES
_d00000000104216
_eTS1
_h45458
_i104216
_sb
949 _aTesis
_bBC
_cTES
_d33724000989489
_eTS2
_fc.2
_h45459
_i104216
_sb
999 _c92664
_d92664